01016nam a2200253 a 450000100100000000500170001000800410002704000250006808200200009310000450011324500880015826000510024630000280029750000730032550000420039850400410044065000310048165000310051265000370054365000320058004900090061295201240062199900170074500002443620260401122839.0110127s1969 sp r 000 0 spa d aDO-SdBNPbspacBNPHU a331.2596bS129d1 aSagardoy Bengoechea, Juan Antonio95009810aEl despido laboral y los expedientes de crisis /cJuan Antonio Sagardoy Bengoechea. aBilbao, (España) :bEdiciones Deusto,c1969. a259 p. :bil. ;c22 cm. aIncluye apéndice legislativo sobre crisis de trabajo y formularios aIncluye notas al pie de las páginas aIncluye referencias bibliográficas 0aEmpleados xDespido950099 4aSistemas de despido950100 4aSuspención de empleados950101 0aContratos de trabajo916459 aBNGR 001054708MOaGRbGRcCTd2011-01-27iLF1l0o331.2596 S129dp24436-10r2020-06-25w2020-06-25y4ZPréstamo en sala c23929d23929